000 01017nam a2200313 a 4500
001 vtls000837719
003 NLI
005 20210627062302.0
008 110428s2006 ii 000 0 tam d
020 _a8189780093 (pbk)
_cRs. 60.00
039 9 _y201104281929
_zVLOAD
040 _aNLI
_cNLMARC21
041 0 _atam
044 _aii
082 0 4 _a709.1
_222
100 0 _6880-01
_aஆரூர்தாஸ் 1931
_9813362
245 1 0 _6880-02
_aகோட்டையும் கோடம்பாக்கமும்
_cஆரூர்தாஸ்
260 _aசென்னை
_bவிகடன் பிரசுரம்
_c2006
300 _a187 p:
_c18 cm
500 _aLife experiences of author as a writer for many cinnemas
880 1 _6100-01/(B
_aArurdas
880 1 0 _6245-02/(B
_aKottaiyum motampakkamum
_cArurdas
887 _aL.S
901 _aTAM64634
_b19.12.06
902 _aTa 709.1 Ar 7711 k
904 _aL.S
999 _aVIRTUA40
_c683408
_d683408
942 _2ddc
_cBKS